Ensayos sobre el movimiento intelectual en Alemania / (Record no. 161948)

MARC details
000 -LEADER
campo de control de longitud fija 00926nam a2200277 i 4500
001 - NÚMERO DE CONTROL
campo de control 161948
003 - IDENTIFICADOR DE NÚMERO DE CONTROL
campo de control ES-MaACL
005 - FECHA Y HORA DE LA ÚLTIMA TRANSACCIÓN
campo de control 20250703063117.0
008 - DATOS DE LONGITUD FIJA--INFORMACIÓN GENERAL
campo de control de longitud fija 991026s1875 sp |||| | spa d
040 ## - FUENTE DE CATALOGACIÓN
Centro catalogador/agencia de origen AS
Lengua de catalogación spa
Centro/agencia transcriptor AS
080 ## - NÚMERO DE LA CLASIFICACIÓN DECIMAL UNIVERSAL
Número de la Clasificación Decimal Universal 1(430)"17/18"
080 ## - NÚMERO DE LA CLASIFICACIÓN DECIMAL UNIVERSAL
Número de la Clasificación Decimal Universal 930.1(430)"18"
080 ## - NÚMERO DE LA CLASIFICACIÓN DECIMAL UNIVERSAL
Número de la Clasificación Decimal Universal 32(430)"18"
100 1# - ENTRADA PRINCIPAL--NOMBRE DE PERSONA
Nombre de persona Perojo, José del
Fechas asociadas al nombre 1850-1908
9 (RLIN) 91313
245 10 - MENCIÓN DEL TÍTULO
Título Ensayos sobre el movimiento intelectual en Alemania /
Mención de responsabilidad, etc. por José del Perojo.
250 ## - MENCION DE EDICION
Mención de edición Primera serie.
260 ## - PUBLICACIÓN, DISTRIBUCIÓN, ETC.
Lugar de publicación, distribución, etc. Madrid :
Nombre del editor, distribuidor, etc. [s.n.,
Fecha de publicación, distribución, etc. 1875] (
Fabricante Imp. de Medina y Navarro)
300 ## - DESCRIPCIÓN FÍSICA
Extensión XVI, 334 p. ;
Dimensiones 17 cm.
500 ## - NOTA GENERAL
Nota general Índice.
650 #4 - PUNTO DE ACCESO ADICIONAL DE MATERIA--TÉRMINO DE MATERIA
Término de materia o nombre geográfico como elemento de entrada Filosofía-
Subdivisión geográfica Alemania-
Subdivisión cronológica S.XVIII.
9 (RLIN) 162422
650 #4 - PUNTO DE ACCESO ADICIONAL DE MATERIA--TÉRMINO DE MATERIA
Término de materia o nombre geográfico como elemento de entrada Filosofía-
Subdivisión geográfica Alemania-
Subdivisión cronológica S.XIX.
9 (RLIN) 144630
650 #4 - PUNTO DE ACCESO ADICIONAL DE MATERIA--TÉRMINO DE MATERIA
Término de materia o nombre geográfico como elemento de entrada Historiografía-
Subdivisión geográfica Alemania-
Subdivisión de forma Historia.
9 (RLIN) 162423
650 #4 - PUNTO DE ACCESO ADICIONAL DE MATERIA--TÉRMINO DE MATERIA
Término de materia o nombre geográfico como elemento de entrada Política-
Subdivisión geográfica Alemania-
Subdivisión cronológica S.XIX.
9 (RLIN) 162424
852 ## - LOCALIZACIÓN
Ubicación ES-MaACL
Número de control de estantería D-348
Nota libre - Enc. hol.
Holdings
Estatus retirado Estado de pérdida Estado de daño No para préstamo Colección Biblioteca de origen Biblioteca actual Ubicación en estantería Fecha de adquisición Fuente de adquisición Total de préstamos Signatura topográfica completa Código de barras Visto por última vez Precio de reemplazo Tipo de ítem Koha
        Libros del s. XIX Biblioteca del Ateneo de Madrid Biblioteca del Ateneo de Madrid Sala Valle Inclán 17/01/2008     D-348 901169646 23/02/2023 23/02/2023 Libro impreso antiguo